Ч. 3: Радиационная безопасность; Защита населения и объектов в чрезвычайных ситуациях. Радиационная безопасность

Библиографические подробности
Источник:Защита населения и объектов в чрезвычайных ситуациях. Радиационная безопасность: пособие. Ч. 3: Радиационная безопасность.— , 2010.— 978-985-494-475-3
Главный автор: Дорожко С. В. Сергей Владимирович
Другие авторы: Бубнов В. П. Владилен Павлович, Пустовит В. Т. Василий Трофимович
Примечания:Рассмотрены физические основы радиационной безопасности, воздействия радиации на здоровье человека и возможные последствия. Приведены основные положения Норм радиационной безопасности НРБ-2000, Санитарных норм и правил. Даются рекомендации населению по выживанию в условиях радиационной опасности. Содержание пособия соответствует Типовой учебной программе по дисциплине, утвержденной Министерством образования. Пособие рекомендуется студентам и учащимся высших и средних учебных заведений, преподавателям. Будет полезно для широкого круга читателей, ставящих своей целью не допустить ухудшения своего здоровья вследствие радиоактивного загрязнения территории и продуктов питания.
Язык:русский
Опубликовано: 2010
Издание:5-е изд., перераб. и доп.
Предметы:
Формат: Книга
Запись в KOHA:https://koha.lib.tpu.ru/cgi-bin/koha/opac-detail.pl?biblionumber=190227

MARC

LEADER 00000nam2a2200000 4500
001 190227
005 20231101224254.0
010 |a 9789854944777 
035 |a (RuTPU)RU\TPU\book\207143 
090 |a 190227 
100 |a 20110119d2010 m y0rusy50 ca 
101 0 |a rus 
102 |a BY 
105 |a a j 001zy 
200 0 |a Ч. 3: Радиационная безопасность  |f С. В. Дорожко, В. П. Бубнов, В. Т. Пустовит 
205 |a 5-е изд., перераб. и доп. 
210 |d 2010 
215 |a 312 с.  |c ил. 
320 |a Библиогр.: с. 300-302. 
330 |a Рассмотрены физические основы радиационной безопасности, воздействия радиации на здоровье человека и возможные последствия. Приведены основные положения Норм радиационной безопасности НРБ-2000, Санитарных норм и правил. Даются рекомендации населению по выживанию в условиях радиационной опасности. Содержание пособия соответствует Типовой учебной программе по дисциплине, утвержденной Министерством образования. Пособие рекомендуется студентам и учащимся высших и средних учебных заведений, преподавателям. Будет полезно для широкого круга читателей, ставящих своей целью не допустить ухудшения своего здоровья вследствие радиоактивного загрязнения территории и продуктов питания. 
461 1 |0 (RuTPU)RU\TPU\book\193635  |y 978-985-494-475-3  |t Защита населения и объектов в чрезвычайных ситуациях. Радиационная безопасность  |o пособие  |o в 3 ч.  |v Ч. 3: Радиационная безопасность  |d 2010 
512 1 |a Защита населения и хозяйственных объектов в чрезвычайных ситуациях. Радиационная безопасность 
606 1 |a Чрезвычайные ситуации  |2 stltpush  |3 (RuTPU)RU\TPU\subj\37291  |9 58373 
606 1 |a Радиационная безопасность  |x Воздействие ионизирующего излучения  |2 stltpush  |3 (RuTPU)RU\TPU\subj\64915  |9 81603 
610 1 |a физическая природа 
610 1 |a источники 
610 1 |a ионизирующие излучения 
610 1 |a ядро 
610 1 |a радиоактивные превращения 
610 1 |a живые организмы 
610 1 |a биологическое действие 
610 1 |a критерии 
610 1 |a нормы 
610 1 |a принципы 
610 1 |a Чернобыльская АЭС 
610 1 |a Чернобыльская катастрофа 
610 1 |a аварии 
610 1 |a радиоактивные загрязнения 
610 1 |a последствия 
610 1 |a население 
610 1 |a выживание 
610 1 |a защитные мероприятия 
610 1 |a характеристика 
610 1 |a ликвидация 
610 1 |a учебные пособия 
675 |a 614.8(075.8)  |v 3 
675 |a 614.876(075.8)  |v 3 
700 1 |a Дорожко  |b С. В.  |g Сергей Владимирович 
701 1 |a Бубнов  |b В. П.  |g Владилен Павлович 
701 1 |a Пустовит  |b В. Т.  |g Василий Трофимович 
801 1 |a RU  |b 63413507  |c 20110119 
801 2 |a RU  |b 63413507  |c 20120502  |g RCR 
942 |c BK 
959 |a 5/20110118  |d 1  |e 242,00  |f ЧЗТЛ:1